| 000 | 02589cam a22004694i 4500 | ||
|---|---|---|---|
| 003 | PE-LiUPU | ||
| 005 | 20250731173411.0 | ||
| 008 | 150706s2006 ag a rb 000 0 spa d | ||
| 020 | _a9872244928 | ||
| 035 | _a(Sirsi) i9789872244927 | ||
| 040 |
_aPE-LiUPU _bspa _cPE-LiUPU _erda |
||
| 049 | _aPRUA | ||
| 082 | 0 | 4 |
_a270 _bD52 _221 |
| 100 | 1 |
_aDeiros, Pablo A. , _eautor. |
|
| 245 | 1 | 0 |
_aHistoria del cristianismo : _blos mil años de incertidumbre (500-1500) / _cPablo A. Deiros. |
| 264 | 1 |
_aBuenos Aires : _bDel Centro, _c2006. |
|
| 300 |
_a277 páginas : _bilustraciones ; _c23 centímetros |
||
| 336 |
_atext _2rdacontent |
||
| 337 |
_aunmediated _2rdamedia |
||
| 338 |
_avolume _2rdacarrier |
||
| 504 | _aIncluye bibliografía. | ||
| 505 | 0 | _aRetroceso y recuperación (500-950) -- El retroceso en Occidente -- El retroceso en Oriente -- La recuperación en Oriente -- La recuperación en Occidente -- Ganancias y pérdidas del cristianismo: 500-950 -- Resurgimiento y progreso (950-1350) -- El resurgimiento del cristianismo -- Las nuevas órdenes monásticas -- La vida de la iglesia medieval -- El ecolasticismo y las universidades -- Los papas en el poder -- Ganancias y pérdidas del cristianismo: 9501-1350 -- Decadencia y vitalidad.(1350-1500) -- Decadencia de la cristiandad oriental -- Resistencia de las pretensiones papales -- Los papas del renacimiento -- Movimientos de reforma -- Retroceso en oriente -- Vitalidad en Occidente -- Ganancias y pérdidas del cristianismo: 1350-1500 -- Los problemas de la cristiandad medieval -- El problema ideológico -- El problema teológico -- El problema cúltico -- El problema eclesiológico -- El problema misionológico -- El problema apologético -- Mirada retrospectiva y prospectiva. | |
| 526 | _aSEG42 | ||
| 526 | _aSEG41 | ||
| 526 | _aSEG40 | ||
| 526 | _aSEG39 | ||
| 526 | _aP94 | ||
| 526 | _aP87 | ||
| 526 | _aP86 | ||
| 526 | _aP85 | ||
| 526 | _aP77 | ||
| 526 | _aP76 | ||
| 526 | _aP35 | ||
| 541 | _g0010000546; | ||
| 650 | 0 | 4 |
_aCristianismo _xHistoria. |
| 910 |
_agl _bjv _clch _d20111031 |
||
| 942 |
_2ddc _cBOOK |
||
| 949 |
_a270 D52 2 _wDEWEY _c1 _i63923 _lCCODEBUL1 _mBUL _p12.00 _r0 _sY _tBOOK _u2015-7-6 _xTEOLOGIA _PP35 _o.STAFF. Colección General |
||
| 994 |
_aC0 _bPEPRU |
||
| 596 | _a1 | ||
| 999 |
_a270 D52 2 _wDEWEY _c52781 _i63923 _d52781 _e2017-10-5 _f2021-11-10 _g5 _lCCODEBUL1 _mBUL _n6 _p12.00 _q8 _r0 _sY _tBOOK _u2015-7-6 _xTEOLOGIA _PP35 _0COMPRA _o.STAFF. Colección Teología |
||
| 980 |
_81 _gALBERTO SANCHEZ Responsable de Automatización |
||